000 01226nam a2200325 a 4500
001 000109205
003 CHAP
005 20220329144041.0
008 140409s2013 mx a sm |||||||spa d
010 _a105667
011 _a106639
040 _cCHAP
090 _aTesis
100 1 _aCruz Mota, Héctor Agustín
_9126363
245 1 0 _aEfecto de la aplicacción de alfalfa molida en el crecimiento y desarrollo de crisantemo (Dendrathema grandiflora) cv. Moneymaker
_h[En línea]
_cpor Héctor Agustín Cruz Mota.
260 _aChapingo, Méx. :
_bEl autor,
_c2013.
500 _aPara ver el contenido del material haga clic en la liga
502 _aTesis (Ing. Agr. Esp. en Fitotecnia) -- UACH. Departamento de Fitotecnia
590 _aBATCH-UPD
_b05
_c20141002
_lUCH01
_h0900
590 _aE5652GLJ
_b05
_c20140409
_lUCH01
_h1209
590 _aE5652GLJ
_b05
_c20140409
_lUCH01
_h1209
590 _aE5652GLJ
_b05
_c20141029
_lUCH01
_h1335
650 1 4 _aCrisantemo
_xCrecimiento.
_928945
650 1 4 _aCrisantemo
_xRendimiento.
_928966
650 1 4 _aCrisantemo
_xSustratos efecto en.
_9126365
856 _aFinding aid
_uhttp://10.13.5.2/tesis/sist109205.pdf
_zTeclea aquí
901 _aBK
942 _cTESIS
942 _n0
999 _c105667
_d105667